War and Peace (Record no. 549370)

000 -LEADER
fixed length control field 00492cam a22001693u 4500
022 ## - INTERNATIONAL STANDARD SERIAL NUMBER
International Standard Serial Number 1566190274
082 ## - DEWEY DECIMAL CLASSIFICATION NUMBER
Classification number 823
Author Mark TOL
245 00 - TITLE STATEMENT
Title War and Peace
Statement of responsibility, etc. Leo Tolstoy ... [et. al.].
260 ## - PUBLICATION, DISTRIBUTION, ETC.
Place of publication, distribution, etc. [S.l.] :
Name of publisher, distributor, etc. Cliffs Notes
Date of publication, distribution, etc. 1993.
300 ## - PHYSICAL DESCRIPTION
Extent P694.
Other physical details ILL.
500 ## - GENERAL NOTE
General note Title from content provider.
526 ## - STUDY PROGRAM INFORMATION NOTE
Program name 0
Interest level 0
Reading level 0
Title point value 823_000000000000000_TOL
650 ## - SUBJECT ADDED ENTRY--TOPICAL TERM
Topical term or geographic name entry element MCE
9 (RLIN) 379
700 1# - ADDED ENTRY--PERSONAL NAME
Personal name Tolstoy, Leo.
9 (RLIN) 3266
856 40 - ELECTRONIC LOCATION AND ACCESS
Uniform Resource Identifier <a href="http://www.columbia.edu/cgi-bin/cul/resolve?clio7513185">http://www.columbia.edu/cgi-bin/cul/resolve?clio7513185</a>
942 ## - ADDED ENTRY ELEMENTS (KOHA)
Source of classification or shelving scheme
Koha item type Book
Holdings
Withdrawn status Lost status Source of classification or shelving scheme Damaged status Not for loan Permanent Location Current Location Date acquired Total Checkouts Full call number Barcode Date last seen Date last checked out Price effective from Koha item type
          Military College of Engineering (MCE) Military College of Engineering (MCE) 09/24/2014 3 823 TOL MCE-44282 11/19/2019 09/30/2019 09/24/2014 Book
© 2023 Central Library, National University of Sciences and Technology. All Rights Reserved.